Hudba Modre: Pocta Suchoňovi a Bergerovi 7. ročník, Medzinárodný festivalík umenia Hudba Modre, 20.-22. júna, Hudobný fond, Mesto Modra

Bibliographic Details
Main Author: Dohnalová, Lýdia (Author)
Format: Article
Language:Slovak
PhysicalDescription:Fotogr.
ISSN:1335-4140
Subjects:

MARC

LEADER 00000nab a2200000 a 4500
001 vtls009354563
003 SK-MaSNL
005 20260304151503.0
008 250506c2008 xo zr|p|||||||000 b|slo
015 |a SNBRB2008/10  |2 snkbucl 
035 |a (uuid)37acfa43-c015-4e4b-9bf1-1966b776f939 
035 |a urn:nbn:sk:snk-ab1xao 
035 |a (urnnbn)urn:nbn:sk:snk:ar-a0164x 
038 |a SNKBUCL 
040 |a SNKBUCL  |b slo  |c SNKBUCL  |e AACR2 
041 0 |a slo 
044 |a xo  |c SK 
080 |a 78.079  |2 2001 
100 1 |a Dohnalová, Lýdia  |4 aut  |9 9297 
245 1 0 |a Hudba Modre: Pocta Suchoňovi a Bergerovi  |b 7. ročník, Medzinárodný festivalík umenia Hudba Modre, 20.-22. júna, Hudobný fond, Mesto Modra  |c Lýdia Dohnalová 
300 |b Fotogr. 
611 2 7 |a Hudba Modre  |n (7. :  |d 2008 :  |c Modra, Slovensko)  |2 snkbucl  |9 1472962 
651 7 |a Modra (Slovensko)  |2 snkbucl  |9 15238 
773 0 |t Hudobný život  |g Roč. XL, č. 8 (2008), s. 6  |x 1335-4140 
850 |a Slovenská národná knižnica 
852 |a Slovenská národná knižnica 
954 |a odborná, vedecká literatúra pôvodná (slovenská)  |2 lita 
958 |a article27 
958 |a OND 
958 |a SK 
958 |a EUIPO 
999 |c 2943939  |d 2945869